[Event "San Francisco TNM Fall op"]
[Site "San Francisco"]
[Date "2017.12.19"]
[Round "9"]
[White "Cohee, James"]
[Black "Poling, Scott"]
[Result "0-1"]
[WhiteElo "1640"]
[BlackElo "1864"]
[PlyCount "84"]
[EventDate "2017.10.24"]
[EventType "swiss"]
[EventRounds "9"]
[EventCountry "USA"]
[SourceTitle "EXT 2023"]
[Source "ChessBase"]
[SourceDate "2022.10.05"]
[SourceVersion "1"]
[SourceVersionDate "2022.10.05"]
[SourceQuality "1"]

1. e4 c5 2. Nc3 a6 3. d3 b5 4. g3 Bb7 5. Bg2 e6 6. Be3 d5 7. exd5 exd5 8. d4 c4 9. Nh3 Nf6 10. 0-0 b4 11. Ne2 Be7 12. Re1 0-0 13. c3 a5 14. Qc2 Nbd7 15. Ng5 h6 16. Nf3 Ne4 17. Nd2 Nd6 18. Nf4 Nf6 19. Re2 Nb5 20. Rae1 a4 21. Nb1 b3 22. axb3 axb3 23. Qd1 g5 24. Nh3 Ne4 25. f3 Ned6 26. Bc1 Bf6 27. Nf2 Ra1 28. Na3 Nxa3 29. bxa3 Nb5 30. Qd2 Nxa3 31. Bxa3 Rxa3 32. Ng4 Bg7 33. Qe3 Bc8 34. Qe7 Qxe7 35. Rxe7 Bf5 36. Rb7 Ra2 37. Bh3 Bg6 38. Ne5 Bxe5 39. dxe5 b2 40. e6 Ra1 41. exf7+ Rxf7 42. Kf2 Rxe1 0-1

[Event "San Francisco TNM Fall op"]
[Site "San Francisco"]
[Date "2017.12.05"]
[Round "7"]
[White "Cohee, James"]
[Black "Yanofsky, Kevin"]
[Result "0-1"]
[WhiteElo "1640"]
[BlackElo "1864"]
[PlyCount "90"]
[EventDate "2017.10.24"]
[EventType "swiss"]
[EventRounds "9"]
[EventCountry "USA"]
[SourceTitle "EXT 2023"]
[Source "ChessBase"]
[SourceDate "2022.10.05"]
[SourceVersion "1"]
[SourceVersionDate "2022.10.05"]
[SourceQuality "1"]

1. e4 c5 2. Nc3 g6 3. Nge2 Bg7 4. d3 Nc6 5. Nd5 e6 6. Ne3 Nge7 7. g3 Nd4 8. Bg2 0-0 9. 0-0 Rb8 10. c3 Nxe2+ 11. Qxe2 b5 12. Rb1 Bb7 13. Rd1 Nc6 14. Nc2 Qc7 15. Bf4 e5 16. Be3 d6 17. Qd2 Bc8 18. Bh6 Bxh6 19. Qxh6 b4 20. Ne3 Be6 21. Nd5 Bxd5 22. exd5 Ne7 23. Qd2 Rb6 24. c4 Nf5 25. b3 Nd4 26. Rb2 Re8 27. Re1 Re7 28. Qg5 Rb7 29. Qf6 Qd7 30. Be4 a5 31. f3 Qd8 32. h4 Red7 33. Qxd8+ Rxd8 34. f4 exf4 35. gxf4 Re7 36. Rf1 f5 37. Bg2 Rde8 38. Rff2 Re3 39. Rbd2 Rg3 40. Kh2 Ree3 41. Rd1 Rg4 42. Rdf1 Rxh4+ 43. Kg1 Ne2+ 44. Rxe2 Rxe2 45. Rf3 Rg4 0-1

[Event "San Francisco TNM Fall op"]
[Site "San Francisco"]
[Date "2017.11.21"]
[Round "5"]
[White "Cohee, James"]
[Black "Revi, Frank"]
[Result "1-0"]
[WhiteElo "1640"]
[BlackElo "1232"]
[PlyCount "55"]
[EventDate "2017.10.24"]
[EventType "swiss"]
[EventRounds "9"]
[EventCountry "USA"]
[SourceTitle "EXT 2023"]
[Source "ChessBase"]
[SourceDate "2022.10.05"]
[SourceVersion "1"]
[SourceVersionDate "2022.10.05"]
[SourceQuality "1"]

1. e4 c5 2. Nc3 d6 3. Bc4 Nc6 4. d3 Nf6 5. Nge2 Bg4 6. f3 Bh5 7. 0-0 e6 8. a3 Be7 9. Nf4 Nd4 10. Nce2 Nxe2+ 11. Qxe2 Qc7 12. Bb5+ Kd8 13. Bc4 a6 14. Bxe6 Rf8 15. Nd5 Nxd5 16. Bxd5 f6 17. Bd2 Bf7 18. c4 Kd7 19. f4 h5 20. Bxf7 Rxf7 21. Qxh5 Rff8 22. Qf5+ Kd8 23. b4 cxb4 24. Be3 Qc6 25. axb4 Kc7 26. b5 Qe8 27. Rfc1 Rh8 28. c5 1-0

[Event "San Francisco Grey Memorial"]
[Site "San Francisco"]
[Date "2017.10.03"]
[Round "9"]
[White "Cohee, James"]
[Black "Porlares, Teodoro"]
[Result "1/2-1/2"]
[WhiteElo "1604"]
[BlackElo "1861"]
[PlyCount "110"]
[EventDate "2017.08.08"]
[EventType "swiss"]
[EventRounds "9"]
[EventCountry "USA"]
[SourceTitle "EXT 2023"]
[Source "ChessBase"]
[SourceDate "2022.10.05"]
[SourceVersion "1"]
[SourceVersionDate "2022.10.05"]
[SourceQuality "1"]

1. e4 c6 2. d4 d5 3. e5 Bf5 4. Nf3 e6 5. Be2 c5 6. Be3 Nd7 7. Nbd2 Rc8 8. c3 c4 9. 0-0 h6 10. Qa4 Qb6 11. Rfc1 a6 12. b4 Ne7 13. Nh4 Bh7 14. g3 g5 15. Ng2 Nc6 16. Nxc4 dxc4 17. d5 Qb5 18. Qxb5 axb5 19. dxc6 bxc6 20. f4 gxf4 21. gxf4 Rg8 22. Kf2 Be7 23. Rg1 Be4 24. Bf3 Bd3 25. a4 f6 26. axb5 cxb5 27. Ra6 fxe5 28. Rxe6 Bf5 29. Rxh6 Bf6 30. fxe5 Bxe5 31. Bd4 Bxd4+ 32. cxd4 c3 33. Rc1 c2 34. Bc6 Rxc6 35. Rxc6 Rxg2+ 36. Kxg2 Be4+ 37. Kg3 Bxc6 38. Rxc2 Bd5 39. Kf4 Bc4 40. Ke3 Nb6 41. Ke4 Na4 42. Ke5 Kd7 43. h4 Bf7 44. Rf2 Ke7 45. Rxf7+ Kxf7 46. Kd6 Nc3 47. Kc6 Ke6 48. h5 Kf6 49. d5 Ne4 50. Kxb5 Nd6+ 51. Kc6 Nf7 52. b5 Ke7 53. h6 Nxh6 54. b6 Nf7 55. b7 Nd8+ 1/2-1/2

[Event "San Francisco TNM Summer op"]
[Site "San Francisco"]
[Date "2017.06.20"]
[Round "5"]
[White "Anderson, Michael Gene"]
[Black "Cohee, James"]
[Result "1-0"]
[WhiteElo "1905"]
[BlackElo "1651"]
[PlyCount "93"]
[EventDate "2017.05.23"]
[EventType "swiss"]
[EventRounds "8"]
[EventCountry "USA"]
[SourceTitle "EXT 2023"]
[Source "ChessBase"]
[SourceDate "2022.10.05"]
[SourceVersion "1"]
[SourceVersionDate "2022.10.05"]
[SourceQuality "1"]

1. e4 c5 2. d4 cxd4 3. c3 d5 4. exd5 Qxd5 5. cxd4 Nf6 6. Nc3 Qd8 7. h3 e6 8. Nf3 Nc6 9. a3 Be7 10. Bd3 0-0 11. 0-0 a6 12. Bg5 Ne8 13. Be3 Nc7 14. Rc1 Nd5 15. Bb1 Re8 16. Qd3 g6 17. Bh6 Bf8 18. Bxf8 Rxf8 19. Ne4 Nf6 20. Ng3 Bd7 21. h4 Ne7 22. Qe3 Kg7 23. h5 Bc6 24. h6+ Kg8 25. Qe5 Ne8 26. Ng5 Qd5 27. Be4 Qxe5 28. dxe5 Nc7 29. Bxc6 Nxc6 30. N5e4 Nd5 31. f4 Nce7 32. Nd6 b5 33. Rf3 Nf5 34. Ngxf5 exf5 35. Rc5 Nb6 36. Rg3 Rfd8 37. Nxf5 Rd1+ 38. Kh2 Nc4 39. Ne3 Nxe3 40. Rxe3 Rad8 41. Rec3 Kf8 42. Rc8 Ke7 43. R3c7+ Ke6 44. Rc6+ Kf5 45. Rf6+ Kg4 46. Rxd8 Rxd8 47. Rxf7 1-0

[Event "San Francisco TNM Spring op"]
[Site "San Francisco"]
[Date "2017.04.04"]
[Round "4"]
[White "Robertson, Guy"]
[Black "Cohee, James"]
[Result "0-1"]
[WhiteElo "1463"]
[BlackElo "1651"]
[PlyCount "60"]
[EventDate "2017.03.14"]
[EventType "swiss"]
[EventRounds "8"]
[EventCountry "USA"]
[SourceTitle "EXT 2023"]
[Source "ChessBase"]
[SourceDate "2022.10.05"]
[SourceVersion "1"]
[SourceVersionDate "2022.10.05"]
[SourceQuality "1"]

1. c4 d6 2. d3 f5 3. g3 e5 4. Bg2 Nf6 5. Nf3 Be7 6. 0-0 0-0 7. Nc3 c6 8. e4 Be6 9. Ng5 Bd7 10. f4 h6 11. Nf3 Qb6+ 12. Kh1 Ng4 13. Qe2 fxe4 14. dxe4 Qc7 15. h3 Nf6 16. f5 Na6 17. Nh4 Rad8 18. Ng6 Rf7 19. g4 Nh7 20. Bf3 Be8 21. h4 Nf8 22. h5 Bf6 23. Qh2 Nxg6 24. hxg6 Rf8 25. Bxh6 gxh6 26. Qxh6 Qg7 27. Qh5 Qh8 28. Rf2 Qxh5+ 29. gxh5 Kg7 30. Ne2 Nc7 0-1

[Event "San Francisco TNM Spring op"]
[Site "San Francisco"]
[Date "2016.04.26"]
[Round "7"]
[White "Sachs Weintraub, Julian"]
[Black "Cohee, James"]
[Result "1-0"]
[WhiteElo "1369"]
[BlackElo "1673"]
[PlyCount "95"]
[EventDate "2016.03.15"]
[EventType "swiss"]
[EventRounds "8"]
[EventCountry "USA"]
[SourceTitle "EXT 2018"]
[Source "ChessBase"]
[SourceDate "2017.10.13"]
[SourceVersion "1"]
[SourceVersionDate "2017.10.13"]
[SourceQuality "1"]

1. d4 d5 2. Nc3 Bf5 3. g3 e6 4. Bg2 Nf6 5. Nf3 Nbd7 6. Bg5 h6 7. Bf4 c6 8. 0-0 Be7 9. Re1 0-0 10. Ne5 Nxe5 11. Bxe5 Qb6 12. Rb1 Rad8 13. e4 dxe4 14. Nxe4 Ng4 15. Qe2 Nxe5 16. dxe5 Rd7 17. b4 Rfd8 18. a3 a5 19. c3 Qa7 20. Rbd1 axb4 21. axb4 b6 22. Nd2 Bc2 23. Ra1 Qc7 24. Nc4 Bd3 25. Qg4 Bxb4 26. Nxb6 Bxc3 27. Nxd7 Qxd7 28. Rad1 Bxe1 29. Rxe1 c5 30. Rd1 Qb5 31. Be4 c4 32. Qf3 Rd4 33. Bxd3 cxd3 34. Qe3 Qb2 35. Rd2 Qb4 36. Kg2 Qb7+ 37. f3 Qd5 38. h3 g5 39. Kf2 Kg7 40. Kg2 Qc5 41. Kf2 Qc3 42. Kg2 Rd5 43. f4 Qc6 44. Kf2 gxf4 45. gxf4 Qc4 46. Qg3+ Kh7 47. Ke3 Rd4 48. Rg2 1-0

[Event "San Francisco TNM Summer op"]
[Site "San Francisco"]
[Date "2015.07.07"]
[Round "7"]
[White "Gomboluudev, Enkhjin C"]
[Black "Cohee, James"]
[Result "0-1"]
[WhiteElo "1482"]
[BlackElo "1674"]
[PlyCount "76"]
[EventDate "2015.05.26"]
[EventType "swiss"]
[EventRounds "8"]
[EventCountry "USA"]
[SourceTitle "EXT 2016"]
[Source "ChessBase"]
[SourceDate "2015.10.08"]
[SourceVersion "1"]
[SourceVersionDate "2015.10.08"]
[SourceQuality "1"]

1. e4 e5 2. Nf3 Nc6 3. Bc4 Bc5 4. d3 Nf6 5. Nc3 h6 6. 0-0 0-0 7. h3 a6 8. Be3 d6 9. Bxc5 dxc5 10. Nd2 b5 11. Bb3 Nd4 12. Bd5 Nxd5 13. Nxd5 Bb7 14. Ne3 Qg5 15. c3 Ne6 16. Qg4 Rad8 17. Nf3 Qxg4 18. Nxg4 f6 19. Rad1 Nf4 20. Rfe1 Nxd3 21. Re2 c4 22. Ne1 Nxe1 23. Rdxe1 Rd3 24. f3 Rfd8 25. Nf2 Rd2 26. Kh2 c5 27. Kg3 a5 28. Ng4 R8d3 29. Nh2 b4 30. cxb4 cxb4 31. Nf1 Rxe2 32. Rxe2 Ba6 33. Rc2 c3 34. bxc3 Rxc3 35. Rxc3 bxc3 36. Ne3 Bd3 37. Kf2 c2 38. Nxc2 Bxc2 0-1

[Event "San Francisco TNM Summer op"]
[Site "San Francisco"]
[Date "2015.06.23"]
[Round "5"]
[White "Frank, Robert"]
[Black "Cohee, James"]
[Result "0-1"]
[WhiteElo "1307"]
[BlackElo "1674"]
[PlyCount "44"]
[EventDate "2015.05.26"]
[EventType "swiss"]
[EventRounds "8"]
[EventCountry "USA"]
[SourceTitle "EXT 2016"]
[Source "ChessBase"]
[SourceDate "2015.10.08"]
[SourceVersion "1"]
[SourceVersionDate "2015.10.08"]
[SourceQuality "1"]

1. d4 d5 2. Nf3 Nf6 3. e3 e6 4. Bd3 c5 5. c3 Nc6 6. Nbd2 Be7 7. e4 dxe4 8. Bxe4 Nxe4 9. Nxe4 cxd4 10. Nxd4 Nxd4 11. Qxd4 0-0 12. Qxd8 Rxd8 13. 0-0 b6 14. Be3 Bb7 15. f3 Rd3 16. Bd4 Rd8 17. Rad1 Rxd1 18. Rxd1 e5 19. Kf2 exd4 20. Rxd4 Rxd4 21. cxd4 f5 22. Nc3 Kf7 0-1

[Event "San Francisco TNM Spring op"]
[Site "San Francisco"]
[Date "2015.04.14"]
[Round "5"]
[White "Cohee, James"]
[Black "Robertson, Guy"]
[Result "1/2-1/2"]
[WhiteElo "1653"]
[BlackElo "1437"]
[PlyCount "135"]
[EventDate "2015.03.17"]
[EventType "swiss"]
[EventRounds "8"]
[EventCountry "USA"]
[SourceTitle "EXT 2016"]
[Source "ChessBase"]
[SourceDate "2015.10.08"]
[SourceVersion "1"]
[SourceVersionDate "2015.10.08"]
[SourceQuality "1"]

1. d4 Nf6 2. c4 g6 3. g3 d6 4. Bg2 Bg7 5. Nf3 0-0 6. Nc3 Nbd7 7. 0-0 e5 8. e4 c6 9. Re1 a6 10. a4 Qc7 11. h3 Rb8 12. Be3 Re8 13. d5 cxd5 14. cxd5 b6 15. Rc1 Qd8 16. b4 h5 17. Bg5 a5 18. Nb5 Qe7 19. Nd2 axb4 20. Nc4 Nc5 21. Ncxd6 Rd8 22. Nc4 Qe8 23. Qe2 Nxa4 24. Ncd6 Qf8 25. Rc7 Rxd6 26. Nxd6 Qxd6 27. Rc6 Qe7 28. Qf3 Be6 29. dxe6 fxe6 30. Qb3 Nc5 31. Qxb4 Qb7 32. Qb5 Nfd7 33. h4 Ra8 34. Rd6 Ra5 35. Qc6 Qxc6 36. Rxc6 b5 37. Bh3 Kf7 38. Be3 b4 39. Bxc5 Nxc5 40. Rb1 b3 41. Rb6 Bf8 42. Bf1 Nxe4 43. R6xb3 Bc5 44. Rf3+ Ke7 45. Rb7+ Kd6 46. Rff7 Bxf2+ 47. Rxf2 Nxf2 48. Kxf2 Ra2+ 49. Kg1 e4 50. Bc4 Ra1+ 51. Kf2 e5 52. Rg7 Kc5 53. Be2 Kd4 54. Rxg6 e3+ 55. Kf3 e4+ 56. Kf4 Re1 57. Bxh5 Rf1+ 58. Kg5 Rf3 59. Rd6+ Ke5 60. Rd1 Rxg3+ 61. Kh6 Rg2 62. Re1 Kf4 63. Bd1 Rg3 64. h5 Ke5 65. Kh7 Kd4 66. Bc2 Kc3 67. Bxe4 Kd2 68. Rb1 1/2-1/2

[Event "San Francisco TNM Winter op"]
[Site "San Francisco"]
[Date "2015.01.20"]
[Round "3"]
[White "Smith, Mahlon A"]
[Black "Cohee, James"]
[Result "1/2-1/2"]
[WhiteElo "2121"]
[BlackElo "1660"]
[PlyCount "70"]
[EventDate "2015.01.06"]
[EventType "swiss"]
[EventRounds "8"]
[EventCountry "USA"]
[SourceTitle "EXT 2016"]
[Source "ChessBase"]
[SourceDate "2015.10.08"]
[SourceVersion "1"]
[SourceVersionDate "2015.10.08"]
[SourceQuality "1"]

1. e4 e5 2. Qh5 Nc6 3. Bc4 Qf6 4. Ne2 g6 5. Qf3 Qxf3 6. gxf3 Bh6 7. Nbc3 Nge7 8. d3 Bxc1 9. Rxc1 a6 10. f4 d6 11. h4 Be6 12. Nd5 Bxd5 13. exd5 Na5 14. a4 Nxc4 15. dxc4 0-0-0 16. fxe5 dxe5 17. Nc3 f5 18. b4 c6 19. Rd1 cxd5 20. Nxd5 Nxd5 21. cxd5 Rd6 22. a5 b5 23. axb6 Rxb6 24. Rb1 Kd7 25. Kd2 Rc8 26. c3 Kd6 27. Kc2 Kxd5 28. f3 Rbc6 29. Rb3 Rc4 30. Ra1 R8c6 31. Ra5+ Ke6 32. Rba3 Rxb4 33. Rxa6 Rbc4 34. Rxc6+ Rxc6 35. Ra7 h6 1/2-1/2

[Event "San Francisco TNM Summer op"]
[Site "San Francisco"]
[Date "2014.07.08"]
[Round "7"]
[White "West, David Matthew"]
[Black "Cohee, James"]
[Result "0-1"]
[WhiteElo "1428"]
[BlackElo "1638"]
[PlyCount "59"]
[EventDate "2014.05.27"]
[EventType "swiss"]
[EventRounds "8"]
[EventCountry "USA"]
[SourceTitle "EXT 2016"]
[Source "ChessBase"]
[SourceDate "2015.10.08"]
[SourceVersion "1"]
[SourceVersionDate "2015.10.08"]
[SourceQuality "1"]

1. c4 c5 2. g3 e6 3. Bg2 Nf6 4. Nc3 Nc6 5. d3 Be7 6. Bg5 h6 7. Bd2 0-0 8. Nf3 d5 9. cxd5 exd5 10. 0-0 Re8 11. e3 Bg4 12. Qb3 Qd7 13. Rfe1 Be6 14. d4 c4 15. Qd1 a6 16. Na4 Qc7 17. b3 b5 18. Nc5 Ne4 19. Nxe4 dxe4 20. Ne5 Nxe5 21. dxe5 Rad8 22. Qc2 Qxe5 23. Bc3 Qc7 24. Bxe4 b4 25. Bd4 c3 26. Re2 Bd5 27. Bd3 a5 28. Bb5 Bc6 29. Bxc6 Qxc6 30. Kf1 0-1

[Event "San Francisco TNM Summer op"]
[Site "San Francisco"]
[Date "2014.06.03"]
[Round "2"]
[White "Cohee, James"]
[Black "Nagle, Michael P"]
[Result "1-0"]
[WhiteElo "1638"]
[BlackElo "1402"]
[PlyCount "95"]
[EventDate "2014.05.27"]
[EventType "swiss"]
[EventRounds "8"]
[EventCountry "USA"]
[SourceTitle "EXT 2016"]
[Source "ChessBase"]
[SourceDate "2015.10.08"]
[SourceVersion "1"]
[SourceVersionDate "2015.10.08"]
[SourceQuality "1"]

1. d4 Nf6 2. c4 g6 3. Nc3 Bg7 4. e4 d6 5. Be2 0-0 6. Bg5 e5 7. d5 Nbd7 8. Nf3 Nc5 9. b4 Na6 10. a3 Bd7 11. 0-0 Qe8 12. Qd2 Nh5 13. Ne1 Nf4 14. Nd3 Nxe2+ 15. Qxe2 f5 16. f3 f4 17. Rac1 h6 18. Bh4 g5 19. Bf2 Qg6 20. g4 fxg3 21. Bxg3 Rf7 22. Qg2 Qh5 23. Rf2 Bh3 24. Qh1 Raf8 25. Ne1 g4 26. Nd1 gxf3 27. Rc3 Qg4 28. Rcxf3 Rxf3 29. Rxf3 Rxf3 30. Qxf3 Qg5 31. Qe3 Qg4 32. Nf2 Qh5 33. Nxh3 Qxh3 34. Qxa7 h5 35. Qe3 h4 36. Bf2 Qg4+ 37. Kh1 Bf6 38. Qf3 Qg6 39. Ng2 Qh6 40. Qg4+ Qg5 41. Qxg5+ Bxg5 42. Nxh4 Bc1 43. b5 Nc5 44. Bxc5 dxc5 45. a4 Kf7 46. Kg2 Kf6 47. Kf3 Kg5 48. Nf5 1-0

[Event "San Francisco TNM Spring op"]
[Site "San Francisco"]
[Date "2014.04.15"]
[Round "5"]
[White "Cohee, James"]
[Black "Gomboluudev, Enkhjin C"]
[Result "1/2-1/2"]
[WhiteElo "1638"]
[BlackElo "1265"]
[PlyCount "61"]
[EventDate "2014.03.18"]
[EventType "swiss"]
[EventRounds "8"]
[EventCountry "USA"]
[SourceTitle "EXT 2016"]
[Source "ChessBase"]
[SourceDate "2015.10.08"]
[SourceVersion "1"]
[SourceVersionDate "2015.10.08"]
[SourceQuality "1"]

1. d4 d5 2. c4 c6 3. Nf3 Nf6 4. e3 e6 5. Bd3 dxc4 6. Bxc4 b5 7. Bb3 Nbd7 8. 0-0 Bb7 9. Nc3 a6 10. Re1 c5 11. e4 Be7 12. e5 Nd5 13. Nxd5 Bxd5 14. Bxd5 exd5 15. e6 fxe6 16. Rxe6 0-0 17. Qe2 Bf6 18. Bd2 cxd4 19. Re1 Nc5 20. Rc6 Na4 21. Qe6+ Kh8 22. b3 Nc3 23. Ne5 Bxe5 24. Qxe5 Ne4 25. Qxd4 Rxf2 26. Rxe4 Rxd2 27. Qxd2 dxe4 28. Rxa6 Qe8 29. Rxa8 Qxa8 30. Kf2 Kg8 31. Ke3 1/2-1/2

[Event "San Francisco TNM Spring op"]
[Site "San Francisco"]
[Date "2010.04.27"]
[Round "7"]
[White "Cheng, Andrew Ys"]
[Black "Cohee, James"]
[Result "1-0"]
[WhiteElo "1314"]
[BlackElo "1640"]
[PlyCount "59"]
[EventDate "2010.03.16"]
[EventType "swiss"]
[EventRounds "8"]
[EventCountry "USA"]
[SourceTitle "EXT 2012"]
[Source "ChessBase"]
[SourceDate "2011.11.24"]
[SourceVersion "1"]
[SourceVersionDate "2011.11.24"]
[SourceQuality "1"]

1. c4 e5 2. Nc3 Nf6 3. d3 Bb4 4. a3 Bxc3+ 5. bxc3 h6 6. Nf3 d6 7. g3 Nc6 8. Bg2 0-0 9. 0-0 Be6 10. e4 Qd7 11. Be3 Bg4 12. Qd2 Qe6 13. Nh4 Ne7 14. f4 exf4 15. gxf4 Nh7 16. f5 Qf6 17. Qf2 Nc6 18. d4 Na5 19. h3 Bh5 20. Bf4 Rae8 21. e5 Qd8 22. Rae1 g5 23. fxg6 fxg6 24. Nxg6 Bxg6 25. Bd5+ Kh8 26. Qg3 c6 27. exd6 Rxe1 28. Rxe1 Nf6 29. Re7 cxd5 30. Be5 1-0

[Event "San Francisco TNM Spring op"]
[Site "San Francisco"]
[Date "2010.04.20"]
[Round "6"]
[White "Cohee, James"]
[Black "Shnaiderman, Lazar"]
[Result "0-1"]
[WhiteElo "1640"]
[BlackElo "1873"]
[PlyCount "84"]
[EventDate "2010.03.16"]
[EventType "swiss"]
[EventRounds "8"]
[EventCountry "USA"]
[SourceTitle "EXT 2012"]
[Source "ChessBase"]
[SourceDate "2011.11.24"]
[SourceVersion "1"]
[SourceVersionDate "2011.11.24"]
[SourceQuality "1"]

1. d4 Nf6 2. c4 e6 3. g3 c5 4. Nf3 cxd4 5. Nxd4 Nc6 6. Bg2 Bb4+ 7. Bd2 Be7 8. Bc3 0-0 9. 0-0 d5 10. Nd2 Nxd4 11. Bxd4 Bd7 12. Qb3 Bc6 13. Rfd1 Qa5 14. Qd3 Rfd8 15. Nb3 Qa6 16. cxd5 Qxd3 17. Rxd3 Nxd5 18. a3 Bb5 19. Rd2 b6 20. e3 Rac8 21. Nc1 Bf6 22. Nd3 Bxd4 23. exd4 Bxd3 24. Rxd3 Rc2 25. Bxd5 Rxd5 26. Rc3 Rxc3 27. bxc3 f6 28. a4 e5 29. dxe5 Rxe5 30. Rd1 Ra5 31. Rd4 Kf7 32. Kg2 Ke6 33. Kf3 Rc5 34. Re4+ Kf7 35. Rd4 Rxc3+ 36. Ke4 Rc7 37. h4 g6 38. f4 f5+ 39. Ke5 Ke7 40. Rd5 Rc4 41. Rd4 Rxd4 42. Kxd4 Kd6 0-1